[Event "HUN-chT2 9596"]
[Site "Hungary"]
[Date "1996.??.??"]
[Round "11"]
[White "Kovacs, Janos"]
[Black "Fekete, Albert"]
[Result "1-0"]
[WhiteElo "2250"]
[BlackElo "2245"]
[PlyCount "81"]
[EventDate "1995.??.??"]
[EventType "team"]
[EventRounds "11"]
[EventCountry "HUN"]
[SourceTitle "EXT 2000"]
[Source "ChessBase"]
[SourceDate "1999.11.16"]
[SourceVersion "1"]
[SourceVersionDate "1999.11.16"]
[SourceQuality "1"]

1. d4 d6 2. c4 e5 3. Nc3 Nc6 4. dxe5 dxe5 5. Qxd8+ Nxd8 6. b3 Ne6 7. Bb2 f6 8. g3 c6 9. Bg2 Nd4 10. 0-0-0 Bf5 11. e3 Ne6 12. Nge2 Rd8 13. Rxd8+ Kxd8 14. h3 Kc7 15. f4 Nc5 16. e4 Be6 17. Kc2 Bd6 18. Nd1 Ne7 19. Ne3 Nd7 20. fxe5 Bxe5 21. Nd4 Bf7 22. g4 Ng6 23. Nef5 Nf4 24. Bf3 g6 25. Nh6 Be8 26. g5 fxg5 27. Bg4 Kb6 28. b4 Rf8 29. c5+ Kc7 30. Rd1 Kc8 31. Nb5 cxb5 32. Bxe5 Ng2 33. Bd4 Rf4 34. Kd3 Kd8 35. Rd2 Nh4 36. Be3 Rf8 37. Bxg5+ Kc7 38. Bxh4 Ne5+ 39. Ke2 Nxg4 40. Nxg4 Bd7 41. Bg3+ 1-0

[Event "SVK-ch op"]
[Site "Martin"]
[Date "1996.??.??"]
[Round "4"]
[White "Kovacs, Janos"]
[Black "Huba, Martin"]
[Result "1/2-1/2"]
[WhiteElo "2250"]
[BlackElo "2140"]
[PlyCount "112"]
[EventDate "1996.??.??"]
[EventType "swiss"]
[EventRounds "9"]
[EventCountry "SVK"]
[SourceTitle "EXT 1998"]
[Source "ChessBase"]
[SourceDate "1997.11.17"]
[SourceVersion "1"]
[SourceVersionDate "1997.11.17"]
[SourceQuality "1"]

1. d4 Nf6 2. c4 e6 3. Nc3 Bb4 4. Qc2 c5 5. dxc5 Nc6 6. Nf3 Bxc5 7. e3 b6 8. a3 Bb7 9. b4 Be7 10. Bb2 0-0 11. Bd3 Rc8 12. Rd1 h6 13. Qb1 Qc7 14. 0-0 a6 15. Rd2 Rfd8 16. Rfd1 Ng4 17. Na4 Bf6 18. Bxf6 Nxf6 19. c5 b5 20. Nc3 Ne5 21. Be2 Bxf3 22. gxf3 d5 23. a4 Nc4 24. Rd4 Rb8 25. axb5 axb5 26. e4 Qb7 27. exd5 exd5 28. Bxc4 bxc4 29. b5 g6 30. c6 Qb6 31. Qc1 Qc5 32. Qf4 Nh5 33. Qe5 Re8 34. Qxd5 Qe7 35. Qxc4 Rbc8 36. Rd7 Qf6 37. Ne4 Qxf3 38. Qxf7+ Qxf7 39. Rxf7 Kxf7 40. Nd6+ Ke7 41. Nxe8 Kxe8 42. Rd6 Ke7 43. Rxg6 Nf4 44. b6 Nxg6 45. b7 Kd8 46. bxc8Q+ Kxc8 47. Kg2 Kc7 48. Kg3 Kxc6 49. Kg4 Ne7 50. Kh5 Ng8 51. Kg6 Kd5 52. h4 Ke4 53. h5 Kf4 54. Kg7 Kg5 55. Kxg8 Kxh5 56. Kg7 Kg5 1/2-1/2